000 00633nam a2200229Ia 4500
001 b2796-25004 [4003]
003 IT-MiCISF
008 161014s9999||||xx |||||||||||||| ||und||
040 _aIT-MiCISF
_cIT-MiCISF
041 _ait
100 _aDe Giacomo Piero
245 0 _aPsicoterapia interattiva breve
250 _a1a ed.
260 _a Roma
_bNIS
_c1992
300 _app. 177
500 _a / terapia-familiare, tecniche-terapeutiche, teoria, case-studies, malattie-mentali /
650 _aterapia
700 _aMargari Francesco
700 _aSantoni Rugiu Antonietta
942 _cBK
957 _71
999 _a25004
_bsi
_g1
_c214640
_d214640